• 首页
  • 本馆介绍
  • 公告通知
  • 最新文献
  • 馆藏检索
  • 电子资源
  • 读者导购
  • 参考咨询
  • 我的图书馆
  • 登录
  • 详细信息显示
  • 放入我的书架
  • 预约/预借图书
  • 作者相关作品
  • 分类相关作品
  • 丛书相关作品
  • 出版社相关作品

书目信息

  • 表格格式
  • 工作单格式
  • 卡片格式
题名:
互联网金融报告
    
 
作者: ;BR互联网金融研究院 主编
分册: 2017   金融创新与规范发展
出版信息: 北京   中国经济出版社  2017.03
页数: 191页
开本: 26cm
丛书名:
单 册:
中图分类: F832.29
科图分类:
主题词: 互联网络--应用--金融--研究报告--中国--2017
电子资源:
ISBN: 978-7-5136-4635-2
000 01157nam0 2200253 450
001 0120172159244
005 20170911092413.82
010    @a978-7-5136-4635-2@dCNY98.00
100    @a20170420d2017 em y0chiy50 ea
101 0  @achi
102    @aCN@b110000
105    @aa z 000yy
106    @ar
200 1  @a互联网金融报告@9hu lian wang jin rong bao gao@h2017@i金融创新与规范发展@dReport on internet finance@h2017@iFinancial innovation and regulation@fBR互联网金融研究院主编@zeng
210    @a北京@c中国经济出版社@d2017.03
215    @a191页@c图,照片@d26cm
330    @a本书主要内容包括:2016-2017年互联网金融的创新发展、问题与趋势;科技驱动金融新发展;互联网金融的风险与监管;互联网金融风险与监管的国际比较等。
333    @a关注金融行业发展特别是中国互联网金融行业发展的读者,以及希望借助互联网金融发展本行业的读者
510 1  @aReport on internet finance@h2017@iFinancial innovation and regulation@zeng
606 0  @a互联网络@x应用@x金融@x研究报告@y中国@z2017
690    @aF832.29@v5
711 02 @aBR互联网金融研究院@9BR hu lian wang jin rong yan jiu yuan@4主编
801  0 @aCN@b人天书店@c20170420
905    @b1073234-39@dF832.29@e163(2017)@f6
    
    互联网金融报告.2017.金融创新与规范发展=Report on internet finance.2017.Financial innovation and regulation/BR互联网金融研究院主编.-北京:中国经济出版社,2017.03
    191页:图,照片;26cm
    使用对象:关注金融行业发展特别是中国互联网金融行业发展的读者,以及希望借助互联网金融发展本行业的读者
    
    ISBN 978-7-5136-4635-2:CNY98.00
    本书主要内容包括:2016-2017年互联网金融的创新发展、问题与趋势;科技驱动金融新发展;互联网金融的风险与监管;互联网金融风险与监管的国际比较等。
●
相关链接 在E读中查询图书 在五车中查询图书 在当当中查询图书 在豆瓣中查询图书


正题名:互联网金融报告     索取号:F832.29/163(2017)         预约/预借

序号 登录号 条形码 馆藏地/架位号 状态 备注
1 1073234   210732340   第一样本阅览室/ [索取号:F832.29/163(2017)] 在馆    
2 1073235   210732359   密集书库-海洋学院/ [索取号:F832.29/163(2017)] 在馆    
3 1073236   210732368   第一借阅区/ [索取号:F832.29/163(2017)] 在馆    
4 1073237   210732377   第一借阅区/ [索取号:F832.29/163(2017)] 在馆    
5 1073238   210732386   第一借阅区/ [索取号:F832.29/163(2017)] 在馆    
6 1073239   210732395   第一借阅区/ [索取号:F832.29/163(2017)] 在馆    
唐山师范学院图书馆 欢迎您!
大连网信软件有限公司© 版权所有